Arte contemporáneo en Chile. Cuaderno pedagógico.

I tiakina i:
Ngā taipitopito rārangi puna kōrero
Kaituhi rangatōpū: Ministerio de las Culturas, las Artes y el Patrimonio. Gobierno de Chile (autor)
Hōputu: Pukapuka
I whakaputaina: Santiago, Chile: Ministerio de las Culturas, las Artes y el Patrimonio; Universidad de Chile, 2020.
Putanga:1ª edición.
Rangatū:Colección Educación Artística.
Ngā marau:
Urunga tuihono:Disponible Online - Ministerio de las Culturas
Ngā Tūtohu: Tāpirihia he Tūtohu
Kāore He Tūtohu, Me noho koe te mea tuatahi ki te tūtohu i tēnei pūkete!

MARC

LEADER 00000nam a22000007a 4500
003 CL-VaPUC
005 20220922105423.0
008 220913t2020 ||||| |||| 00| 0 eng d
999 |c 438695  |d 438693 
020 |a 978-956-352-371-3 (papel) 
020 |a 978-956-352-372-0 (digital) 
040 |c Pontificia Universidad Católica de Valparaíso 
082 |2 22  |a 709.83 MIN 2020 
110 |9 602582  |a Ministerio de las Culturas, las Artes y el Patrimonio. Gobierno de Chile   |e autor 
245 |a Arte contemporáneo en Chile.  |b Cuaderno pedagógico. 
250 |a 1ª edición. 
260 |a Santiago, Chile:   |b Ministerio de las Culturas, las Artes y el Patrimonio;  |b Universidad de Chile,   |c 2020. 
300 |a 231 páginas: ilustraciones.  
490 |a Colección Educación Artística. 
500 |a c.1-c.2. Donación Biblioteca Arquitectura. Memo ARQ 11/2022. 05/09/2022. 
583 |c 20220913  |k Catalogador Asistente 
610 0 |9 441859  |a Museo de Arte Contemporáneo (MUC)  |x Obras y exposiciones   |z Santiago, Chile  
650 0 |9 338008  |a Arte contemporáneo  |x Enseñanza y aprendizaje   |z Chile  
650 0 |a Artes visuales   |x Educación escolar   |9 876619 
856 |u https://www.cultura.gob.cl/wp-content/uploads/2021/01/arte-contemporaneo.pdf  |y Disponible Online - Ministerio de las Culturas 
942 |2 ddc  |c BK 
952 |0 0  |1 0  |2 ddc  |4 0  |6 709_830000000000000_MIN_2020  |7 0  |8 A  |9 586708  |a BIBARQ  |b BIBARQ  |c GEN  |d 2022-09-13  |e Donación  |i 5654661  |o 709.83 MIN 2020  |p 5654661  |r 2025-01-20  |t 1  |w 2022-09-13  |y BK  |k ARQ 
952 |0 0  |1 0  |2 ddc  |4 0  |6 709_830000000000000_MIN_2020  |7 0  |8 A  |9 586709  |a BIBARQ  |b BIBARQ  |c GEN  |d 2022-09-13  |e Donación  |i 5654662  |o 709.83 MIN 2020  |p 5654662  |r 2025-01-20  |t 2  |w 2022-09-13  |y BK  |k ARQ